000 01423nam a2200349 a 4500
001 ebr10680829
003 CaPaEBR
006 m u
007 cr cn|||||||||
008 100618s2011 nyuab sb 001 0 eng d
010 _z 2010025443
020 _z9781617286544 (hardcover)
020 _z9781617610233 (e-book)
040 _aCaPaEBR
_cCaPaEBR
035 _a(OCoLC)793206719
050 1 4 _aGE300
_b.E623 2011eb
082 0 4 _a333.72
_222
245 0 0 _aEnvironmental planning
_h[electronic resource] /
_cRebecca D. Newton, editor.
260 _aNew York :
_bNova Science Publishers,
_cc2011.
300 _axii, 283 p. :
_bill. (some col.), maps (some col.).
490 1 _aEnvironmental science, engineering and technology
504 _aIncludes bibliographical references and index.
533 _aElectronic reproduction.
_bPalo Alto, Calif. :
_cebrary,
_d2013.
_nAvailable via World Wide Web.
_nAccess may be limited to ebrary affiliated libraries.
650 0 _aEnvironmental management
_xPlanning.
650 0 _aEnvironmental protection
_xPlanning.
650 0 _aEnvironmental policy.
655 7 _aElectronic books.
_2local
700 1 _aNewton, Rebecca D.
710 2 _aebrary, Inc.
830 0 _aEnvironmental science, engineering and technology series.
856 4 0 _uhttp://site.ebrary.com/lib/rucke/Doc?id=10680829
_zAn electronic book accessible through the World Wide Web; click to view
999 _c156406
_d156406